LEADER 01054nam a22002651i 4500 001 991000354819707536 005 20040819102926.0 008 040920s1994 it |||||||||||||||||ita 020 $a8813189664 035 $ab13209103-39ule_inst 035 $aARCHE-115534$9ExL 040 $aSet. Economia$bita$cA.t.i. Arché s.c.r.l. Pandora Sicilia s.r.l. 082 04$a658.152 100 1 $aGolinelli, Gaetano M.$03341 245 10$aStruttura e governo dell'impresa :$bverso la formulazione di un modello quantitativo per l'analisi dei processi di sviluppo /$cGaetano M. Golinelli 250 $a3. ed. 260 $aPadova :$bCEDAM,$c1994 300 $aXIV, 411 p. ;$c24 cm 650 4$aAziende$xOrganizzazione$xModelli 907 $a.b13209103$b02-04-14$c23-09-04 912 $a991000354819707536 945 $aLE025 ECO 658.1 GOL01.01$g1$i2025000152465$lle025$nC. 1$o-$pE24.00$q-$rl$s- $t0$u2$v0$w2$x0$y.i13864154$z23-09-04 996 $aStruttura e governo dell'impresa$963406 997 $aUNISALENTO 998 $ale025$b23-09-04$cm$da $e-$fita$git $h0$i1 LEADER 03920nam 22006255 450 001 9911022461403321 005 20250829130158.0 010 $a3-031-95563-3 024 7 $a10.1007/978-3-031-95563-1 035 $a(MiAaPQ)EBC32275267 035 $a(Au-PeEL)EBL32275267 035 $a(CKB)40832543700041 035 $a(DE-He213)978-3-031-95563-1 035 $a(OCoLC)1538040952 035 $a(EXLCZ)9940832543700041 100 $a20250829d2025 u| 0 101 0 $aeng 135 $aurcnu|||||||| 181 $ctxt$2rdacontent 182 $cc$2rdamedia 183 $acr$2rdacarrier 200 10$aEconomic Theories of Product Differentiation /$fby Jean J. Gabszewicz 205 $a1st ed. 2025. 210 1$aCham :$cSpringer Nature Switzerland :$cImprint: Springer,$d2025. 215 $a1 online resource (121 pages) 225 1 $aClassroom Companion: Economics,$x2662-2890 311 08$a3-031-95562-5 327 $aChapter 1. Introduction -- Chapter 2. Differentiated goods and industry -- Chapter 3. Horizontal product differentiation -- Chapter 4. Vertical product differentiation -- Chapter 5. Network effects and product differentiation -- Chapter 6. Nesting horizontal and vertical differentiation -- Chapter 7. Monopolistic competition -- Chapter 8. Conclusion. 330 $aThis book provides a comprehensive exploration of product differentiation, blending insights from industrial organization, spatial economics, and game theory. In modern economies, nearly every product?from consumer electronics to household goods?comes in multiple variants, reflecting firms' strategic efforts to differentiate their offerings. But why do firms differentiate their products? How do they set prices for these variants? And does this process lead to an efficient market outcome? It examines both horizontal and vertical differentiation, investigating how firms compete not only on price but also on product characteristics such as location, quality, and perceived value. Special attention is given to the role of network effects, industry structure, and monopolistic competition, shedding light on how differentiation influences market dynamics. Key topics include: The historical evolution of product differentiation theories and recent advances in the field. The spatial metaphor of a differentiated industry and the structure of demand. Horizontal differentiation models, including Hotelling?s framework and political science analogies. Vertical differentiation and the role of quality, production costs, and regulatory standards. The impact of network effects on pricing, market equilibria, and two-sided markets. Monopolistic competition and its implications for excess capacity and market efficiency. With rigorous theoretical models and real-world applications, this book is essential reading for economists, researchers, and students seeking to understand the fundamental mechanisms shaping modern industrial competition. 410 0$aClassroom Companion: Economics,$x2662-2890 606 $aIndustrial organization 606 $aIndustrial policy 606 $aMicroeconomics 606 $aSpace in economics 606 $aIndustrial Organization 606 $aRegulation and Industrial Policy 606 $aMarket Structure and Economic Design 606 $aSpatial Economics 615 0$aIndustrial organization. 615 0$aIndustrial policy. 615 0$aMicroeconomics. 615 0$aSpace in economics. 615 14$aIndustrial Organization. 615 24$aRegulation and Industrial Policy. 615 24$aMarket Structure and Economic Design. 615 24$aSpatial Economics. 676 $a338.6 700 $aGabszewicz$b Jean J$0129292 801 0$bMiAaPQ 801 1$bMiAaPQ 801 2$bMiAaPQ 906 $aBOOK 912 $a9911022461403321 996 $aEconomic Theories of Product Differentiation$94431536 997 $aUNINA